[Event "19th Dubai Open 2017"]
[Site "Dubai UAE"]
[Date "2017.04.11"]
[Round "9.25"]
[White "Siva, Mahadevan"]
[Black "Mastrovasilis, Athanasios"]
[Result "1/2-1/2"]
[WhiteTitle "IM"]
[BlackTitle "GM"]
[WhiteElo "2363"]
[BlackElo "2524"]
[WhiteFideId "25043153"]
[BlackFideId "4201990"]
[EventDate "2017.04.03"]

1. e4 c5 2. Nf3 e6 3. d4 cxd4 4. Nxd4 Nc6 5. Nc3 Qc7 6. Be2 a6 7. O-O Nf6 8. Be3
Be7 9. f4 d6 10. Kh1 O-O 11. Qe1 Nxd4 12. Bxd4 Bd7 13. Qg3 Bc6 14. Bd3 e5 15.
fxe5 Nh5 16. Qe3 dxe5 17. Bb6 Qd6 18. Bc4 Nf4 19. g3 Ne6 20. Rad1 Qb4 21. Bb3
Bg5 22. Qf2 Bxe4+ 23. Nxe4 Qxe4+ 24. Qg2 Qxg2+ 25. Kxg2 Bd8 26. Bxe6 Bxb6 27.
Bb3 Rad8 28. Rxd8 Bxd8 29. Rd1 Bf6 30. Rd7 b5 31. Bd5 b4 32. c3 bxc3 33. bxc3 e4
34. c4 e3 35. Kf3 Bd4 36. Ke2 Bc5 37. Rc7 Bb6 38. Rb7 Bc5 39. Rc7 Bb6 1/2-1/2

[Event "19th Dubai Open 2017"]
[Site "Dubai UAE"]
[Date "2017.04.11"]
[Round "9.26"]
[White "Kulkarni, Rakesh"]
[Black "Debashis, Das"]
[Result "1-0"]
[BlackTitle "GM"]
[WhiteElo "2325"]
[BlackElo "2501"]
[WhiteFideId "5037077"]
[BlackFideId "5024854"]
[EventDate "2017.04.03"]

1. e4 e5 2. Nf3 d6 3. d4 exd4 4. Nxd4 Nf6 5. Nc3 Be7 6. Bc4 O-O 7. O-O Nc6 8. h3
Ne5 9. Be2 Re8 10. f4 Ng6 11. g4 Bf8 12. Bf3 c6 13. f5 Ne5 14. Bg2 b5 15. g5
Nfd7 16. g6 Nf6 17. gxf7+ Kxf7 18. Bg5 Bd7 19. Nce2 Be7 20. Nf4 Kg8 21. Nde6
Bxe6 22. Nxe6 Qd7 23. Qe1 Nh5 24. Qh4 Bxg5 25. Qxg5 Nf6 26. Rad1 Rxe6 27. fxe6
Qxe6 28. Rf2 Qe7 29. Qd2 Rd8 30. a4 bxa4 31. Qb4 h6 32. Qxa4 Kh7 33. Qd4 c5 34.
Qe3 Rd7 35. Qf4 Rd8 36. Qe3 Nfd7 37. b4 Rb8 38. bxc5 Nxc5 39. Qd4 Rd8 40. Ra1 a5
41. Bf1 a4 42. Bb5 Qh4 43. Ra3 Rb8 44. c4 Nxe4 45. Re2 Qg5+ 46. Kh2 Ng4+ 47.
hxg4 Qf4+ 48. Kg1 Qc1+ 49. Kg2 Qxa3 50. Qxe4+ Kh8 51. c5 Qb3 52. Bd3 Qg8 53.
cxd6 a3 54. Bc4 Qd8 55. Qe7 Qb6 56. Qf7 Qc6+ 57. Bd5 Qa4 58. Qe6 Rd8 59. Bf3 Qd4
60. Bd5 Qa4 61. Kg3 Qb5 62. Qe7 Rb8 63. d7 Qxd5 64. Qe8+ Kh7 65. Qxb8 Qd3+ 66.
Kf2 Qxd7 67. Qb1+ Kh8 68. Qg6 1-0

[Event "19th Dubai Open 2017"]
[Site "Dubai UAE"]
[Date "2017.04.11"]
[Round "9.32"]
[White "Ashwath, R."]
[Black "Viani, Antonio Dcunha"]
[Result "1/2-1/2"]
[BlackTitle "IM"]
[WhiteElo "2242"]
[BlackElo "2410"]
[WhiteFideId "5021049"]
[BlackFideId "5027330"]
[EventDate "2017.04.03"]

1. d4 Nf6 2. Nf3 g6 3. c4 Bg7 4. g3 O-O 5. Bg2 d6 6. Nc3 Nbd7 7. O-O e5 8. e4 c6
9. h3 a6 10. dxe5 dxe5 11. Be3 Qe7 12. Qc2 b5 13. a3 Bb7 14. Nd2 Rfc8 15. Rfc1
a5 16. cxb5 cxb5 17. Qb3 b4 18. Nd5 Nxd5 19. exd5 Qf8 20. axb4 axb4 21. Kh2 Nf6
22. Rxc8 Qxc8 23. Rd1 Bf8 24. Nc4 Nd7 25. Rc1 Qd8 26. d6 Bxg2 27. Kxg2 Qb8 28.
Rd1 Qb7+ 29. Kh2 Rc8 30. Na5 Qe4 31. Qd5 Qxd5 32. Rxd5 f6 33. Nb7 Kf7 34. Ra5
Ke6 35. Rb5 Bxd6 36. Nxd6 Kxd6 37. Rxb4 Rb8 38. Rxb8 Nxb8 39. g4 Nc6 40. Kg3 Kd5
41. Bh6 Nd4 42. Bf8 Ke4 43. b4 Kd5 44. h4 h5 45. f3 f5 46. gxh5 gxh5 47. Kf2 f4
48. Be7 Nc6 49. Bf8 Nd4 50. Bg7 Nf5 51. Bf6 Ke6 52. Bg5 Nd4 53. Kg2 Kd5 54. Kf2
Kc4 55. Bf6 Nc6 56. Ke2 Nd4+ 57. Kf2 Nc6 58. Ke2 Kxb4 59. Kd3 Kc5 60. Ke4 Kd6
61. Bxe5+ Nxe5 62. Kxf4 Nf7 63. Kf5 Ke7 64. Kg6 Ke6 65. Kxh5 Kf5 66. f4 Nd8 67.
Kh6 Ne6 68. Kh7 Kf6 69. Kg8 Nxf4 70. h5 Nd5 71. Kf8 Kg5 72. Kf7 Kxh5 1/2-1/2

[Event "19th Dubai Open 2017"]
[Site "Dubai UAE"]
[Date "2017.04.11"]
[Round "9.34"]
[White "D'Costa, Lorin A R"]
[Black "Jayakumaar, S"]
[Result "1/2-1/2"]
[WhiteTitle "IM"]
[WhiteElo "2390"]
[BlackElo "2229"]
[WhiteFideId "409219"]
[BlackFideId "5090997"]
[EventDate "2017.04.03"]

1. Nf3 d5 2. c4 d4 3. g3 Nc6 4. Bg2 e5 5. O-O Nf6 6. d3 a5 7. e3 Be7 8. exd4
exd4 9. Na3 O-O 10. Nb5 Ne8 11. Re1 Bf6 12. h4 Bg4 13. Bf4 Ne7 14. Qd2 Ng6 15.
Nh2 Nxf4 16. Qxf4 Bc8 17. Nf3 Nd6 18. a4 Nxb5 19. axb5 Be6 20. Ng5 Bxg5 21. hxg5
c6 22. bxc6 bxc6 23. Bxc6 Rb8 24. Bb5 Qb6 25. Ra4 f6 26. g6 hxg6 27. b4 Bf5 28.
bxa5 Qc5 29. Qf3 g5 30. a6 g4 31. Qc6 Qxc6 32. Bxc6 Bxd3 33. a7 Ra8 34. Bxa8
Rxa8 35. Re7 1/2-1/2

[Event "19th Dubai Open 2017"]
[Site "Dubai UAE"]
[Date "2017.04.11"]
[Round "9.37"]
[White "Pranav, V"]
[Black "Tissir, Mohamed"]
[Result "1-0"]
[BlackTitle "IM"]
[WhiteElo "2149"]
[BlackElo "2364"]
[WhiteFideId "25060783"]
[BlackFideId "9000240"]
[EventDate "2017.04.03"]

1. e4 c5 2. Nf3 e6 3. c4 d6 4. Nc3 Nf6 5. d4 cxd4 6. Nxd4 Be7 7. Be2 O-O 8. O-O
a6 9. Be3 Qc7 10. Qd2 b6 11. a4 Bb7 12. f3 Nbd7 13. Rfc1 Rfd8 14. a5 bxa5 15.
Nb3 Rab8 16. Nxa5 Ba8 17. Nd5 exd5 18. cxd5 Nc5 19. b4 Nfd7 20. bxc5 Nxc5 21.
Bxc5 dxc5 22. Nc4 Qc8 23. Qa5 Bf6 24. Rab1 Bd4+ 25. Kh1 h5 26. h3 h4 27. Qe1 g6
28. Qxh4 Kg7 29. Qg3 Rxb1 30. Rxb1 Qd7 31. Bd3 Bc3 32. Ne3 a5 33. Rb6 a4 34. Rd6
Qe8 35. Bb5 Qf8 36. Bd7 Kh8 37. e5 Qh6 38. f4 Bd2 39. Bxa4 Rb8 40. Bc2 c4 41.
Rd7 Rf8 42. e6 fxe6 43. Ng4 Be1 44. Nxh6 Bxg3 45. Bxg6 1-0

[Event "19th Dubai Open 2017"]
[Site "Dubai UAE"]
[Date "2017.04.11"]
[Round "9.38"]
[White "Nishant, Malhotra"]
[Black "Thakur, Akash"]
[Result "1-0"]
[BlackTitle "FM"]
[WhiteElo "2197"]
[BlackElo "2363"]
[WhiteFideId "5099129"]
[BlackFideId "5008514"]
[EventDate "2017.04.03"]

1. d4 Nf6 2. c4 c6 3. Nf3 d5 4. Nc3 dxc4 5. a4 Bf5 6. Ne5 Na6 7. e3 Nb4 8. Bxc4
e6 9. O-O Bd6 10. Qe2 Nc2 11. Rb1 Nd5 12. Bd2 O-O 13. f4 c5 14. Nxd5 exd5 15.
Bd3 Bxd3 16. Qxd3 Nb4 17. Bxb4 cxb4 18. Qb5 Qe7 19. Qxd5 Rfd8 20. Qb3 Rac8 21.
Rbc1 Rc7 22. Rxc7 Qxc7 23. Nd3 Qe7 24. Re1 Qe4 25. Nf2 Qc6 26. Nd3 Qe4 27. Qc4
h5 28. Nf2 Qf5 29. Qd3 Qa5 30. b3 Rc8 31. Ne4 Qd5 32. Ng5 f5 33. e4 fxe4 34.
Rxe4 Bxf4 35. Rxf4 Qxg5 36. Qd2 Qe7 37. h3 Rc3 38. d5 Qd6 39. Re4 Rxb3 40. Re8+
Kf7 41. Re1 b6 42. Kh1 Rc3 43. Qf2+ Qf6 44. Qe2 Rc8 45. Rf1 1-0